Desplazamiento forzado y territorio, reflexiones en torno a la construcción de nuevas territorialidades : (Registro nro. 7927)

Detalles MARC
000 -LEADER
fixed length control field 02295nam a2200325Ia 4500
005 - DATE AND TIME OF LATEST TRANSACTION
control field 20250329173539.0
008 - FIXED-LENGTH DATA ELEMENTS--GENERAL INFORMATION
fixed length control field 201020s9999 xx 000 0 und d
020 ## - INTERNATIONAL STANDARD BOOK NUMBER
International Standard Book Number 789587721201
040 ## - CATALOGING SOURCE
Original cataloging agency CO-CtgCURN
Language of cataloging spa
Transcribing agency coctgcurn
082 ## - DEWEY DECIMAL CLASSIFICATION NUMBER
Classification number 303.6
Item number D469
245 #0 - TITLE STATEMENT
Title Desplazamiento forzado y territorio, reflexiones en torno a la construcción de nuevas territorialidades :
Remainder of title nuevos pobres, ciudadanía inconclusa y la búsqueda de una nueva vida digna
Medium [electronic resource] /
Statement of responsibility, etc. Myriam Ocampo Prado ... [et al.]
260 ## - PUBLICATION, DISTRIBUTION, ETC.
Place of publication, distribution, etc. Bogotá, Colombia :
Name of publisher, distributor, etc. Universidad Externado de Colombia,
Date of publication, distribution, etc. 2014
300 ## - PHYSICAL DESCRIPTION
Extent recurso en línea (188 páginas) :
336 ## - CONTENT TYPE
Content type term texto
Content type code txt
337 ## - MEDIA TYPE
Media type term computador
Media type code c
338 ## - CARRIER TYPE
Carrier type term recurso en línea
Carrier type code cr
504 ## - BIBLIOGRAPHY, ETC. NOTE
Bibliography, etc. note Incluye referencias bibliográficas
505 ## - FORMATTED CONTENTS NOTE
Formatted contents note Desplazamiento forzado, desarraigo y reasentamiento. planteamiento del problema -- Definiendo categorías y conceptos en la aproximación a la relación desplazamiento forzado y territorio. marco contextual y teórico -- Método y diseño metodológico para la comprensión de la relación material y simbólica de los sujetos con el territorio -- De la territorialidad rural a la territorialidad urbana periférica: ciudadanía inconclusa, rebusque y nuevos pobres -- narrarse a sí mismo a través de recorrer el territorio de la vida cotidiana: el desplazamiento forzado en el tejer y destejer el daño -- La imagen-espacio como imagen de un sí mismo individual y ampliado: a propósito de cuatro casos de desplazamiento forzado en colombia -- Reflexiones sobre el marco jurídico-político del desplazamiento como desafío para la construcciónde políticas públicas en colombia
590 ## - LOCAL NOTE (RLIN)
Local note Todos los programas académicos
650 ## - SUBJECT ADDED ENTRY--TOPICAL TERM
Topical term or geographic name entry element Desplazamiento forzado
650 ## - SUBJECT ADDED ENTRY--TOPICAL TERM
Topical term or geographic name entry element Migración interna
700 ## - ADDED ENTRY--PERSONAL NAME
Personal name Chenut correa, Philippe
Relator term autor
700 ## - ADDED ENTRY--PERSONAL NAME
Personal name Férguson lópez, Mayerlín
Relator term autora
700 ## - ADDED ENTRY--PERSONAL NAME
Personal name Martínez Carpeta, Mábel
Relator term autora
700 ## - ADDED ENTRY--PERSONAL NAME
Personal name Ocmapo Pradao, Myriam
Relator term autora
700 ## - ADDED ENTRY--PERSONAL NAME
Personal name Zuluaga Tapia, Sandra
Relator term autora
856 ## - ELECTRONIC LOCATION AND ACCESS
Uniform Resource Identifier <a href="https://unicurn.sharepoint.com/:b:/s/biblioteca/EfgeM_vzFRxCmi95EyFQmQYBhbyuRWn1-ft_UkKZGNGJVA?e=MRc82A">https://unicurn.sharepoint.com/:b:/s/biblioteca/EfgeM_vzFRxCmi95EyFQmQYBhbyuRWn1-ft_UkKZGNGJVA?e=MRc82A</a>
Public note Vea este libro electrónico
942 ## - ADDED ENTRY ELEMENTS (KOHA)
Koha item type Libros electrónicos
Classification part 303.6
Item part D469
Existencias
Withdrawn status Lost status Source of classification or shelving scheme Damaged status Not for loan Collection Home library Current library Shelving location Date acquired Total checkouts Full call number Date last seen Price effective from Koha item type
    Dewey Decimal Classification     Libros electrónicos Miguel Henríquez Castañeda Barranquilla Miguel Henríquez Castañeda Barranquilla   10/19/2020   303.6 D469 10/20/2020 10/20/2020 Libros electrónicos